| 000 | 00426 a2200145 4500 | ||
|---|---|---|---|
| 003 | OSt | ||
| 005 | 20180116182741.0 | ||
| 008 | 160817b xxu||||| |||| 00| 0 eng d | ||
| 040 | _c0 | ||
| 100 | _aBILL GATES | ||
| 245 |
_aBusiness @ The Speed Of Thought Using A Digital Nervous System [Hardcover] / by Collins Hemingway _cBill Gates. |
||
| 260 |
_aENGLAND _bWeily _c1999 |
||
| 300 | _a470 | ||
| 942 |
_aNBS _cBK _k658.022 GAT _2ddc |
||
| 999 |
_c345302 _d345302 |
||